000 002510000a22000970004500
100 1 _aCaballero, Antonio (1945- )
245 1 0 _aSamper : Virgen, héroe o mártir
300 _aVol. 17, Núm 17 (1993), Páginas 14-20
773 0 _tCambio 16
942 _cANA
999 _c58366
_d58366